000 00570nai a2200181Ia 4500
003 IN-BaIIA
008 211028c9999 xx s 000 0 eng d
022 _a1615-6846 (Print)
022 _a1615-6854 (Online)
040 _cIIA Library
245 0 _aFuel Cells
_h[eJournal]
260 _aNew Jersey
_bJohn Wiley & Sons
310 _aBimonthly
362 _a1(1); 2001 - Present
521 _bSubscribed through National Knowledge Resource Consortium (NKRC)
856 _uhttps://onlinelibrary.wiley.com/journal/16156854
_yClick Here to Access eJournal
942 _cEJ
999 _c34403
_d34403